000 00680nam a2200205Ia 4500
001 11463
003 GE_BSU
008 181216s||||||||xx |||||||||||||| ||und||
040 _cGE_BSU
100 _aბუჩუკური,ა.
245 _aხეხილის ბაღის გაშენება და მოვლა
245 _cრედ:ე.ხარაბაძე.
260 _aთბილისი
260 _bსაქ-ს სახ.გამ-ბა.
260 _c1948
300 _a150გვ;20სმ.
300 _bილ;ცხრ.
653 _aხეხილის ბაღის გაშენება და მოვლა
942 _cBK
999 _c44660
_d44660